Najlepsi Strzelcy każdej edycji mistrzostw swiata - Statystyki

Ogólne statystyki
  • Ten quiz został rozwiązany 80 razy
  • Średni wynik to 9 z 22
Statystyki odpowiedzi
Rok Gole Odpowiedź % Poprawnych
2022 8 Kylian Mbappé
94%
2006 5 Miroslav Klose
81%
2010 5 Thomas Müller/David Villa/Wesley Sneijder/Diego Forlán
79%
1974 7 Grzegorz Lato
69%
1970 10 Gerd Müller
64%
2002 8 Ronaldo Nazário
58%
2018 6 Harry Kane
57%
2014 6 James Rodríguez
52%
1962 4 Garrincha/Vavá/Leonel Sánchez/Dražan Jerković/Flórián Albert/Valentin Ivanov
43%
1982 6 Paolo Rossi
36%
1958 13 Just Fontaine
33%
1998 6 Davor Šuker
31%
1986 6 Gary Lineker
31%
1994 6 Christo Stoichkov/Oleh Salenko
30%
1966 9 Eusébio
27%
1978 6 Mario Kempes
27%
1938 7 Leonidas
22%
1990 6 Salvatore Schillaci
22%
1954 11 Sándor Kocsis
16%
1950 8 Ademir
13%
1930 8 Guillermo Stábile
13%
1934 5 Oldřich Nejedly
10%
Nie znaleziono quizów pasujących do podanych kryteriów
Rozkład punktacji
Procent ludzi z każdym wynikiem
Percentyl według liczby udzielonych odpowiedzi
Twoja historia wyników
Nie rozwiązałeś tego quizu